Toán học và những điều lí thú

保存先:
書誌詳細
フォーマット: 図書
言語:Undetermined
出版事項: Hà Nội Giáo dục 2007
主題:
タグ: タグ追加
タグなし, このレコードへの初めてのタグを付けませんか!
Thư viện lưu trữ: Trung tâm Học liệu Trường Đại học Cần Thơ
LEADER 00459nam a2200169Ia 4500
001 CTU_128023
008 210402s9999 xx 000 0 und d
020 |c 15700 
082 |a 510 
082 |b T406 
245 0 |a Toán học và những điều lí thú 
260 |a Hà Nội 
260 |b Giáo dục 
260 |c 2007 
650 |a Mathematics,Toán học 
904 |i Tuyến 
980 |a Trung tâm Học liệu Trường Đại học Cần Thơ